Metaphorical Modelling of the Concept "Technology"; Procedia - Social and Behavioral Sciences; Vol. 236 : International Conference on Communication in Multicultural Society (CMSC 2015)

Bibliografiske detaljer
Parent link:Procedia - Social and Behavioral Sciences.— , 2009-
Vol. 236 : International Conference on Communication in Multicultural Society (CMSC 2015).— 2016.— [P. 101-106]
Hovedforfatter: Mishankina N. A. Nataliya Aleksandrovna
Institution som forfatter: Национальный исследовательский Томский политехнический университет
Andre forfattere: Panasenko E. A. Elena Aleksandrovna
Summary:Title screen
The article explores the metaphorical models Russian researchers (the authors of scientific papers) employ in the presentation of technology. A cognitive approach to the metaphor is emphasized. The study is focused on different types of metaphors which are crucial in the corpus-based analysis and defines particular characteristics of the concept "Technology". The analysis is based on various sources (online, journals, conference proceedings) on information technologies. The present investigation should be seen as a part of the project "Metaphorical conceptualization in the process of terminological system formation: epistemological universals of the Russian scientific worldview" supported by the Russian Foundation for Humanities.
Режим доступа: по договору с организацией-держателем ресурса
Sprog:engelsk
Udgivet: 2016
Fag:
Online adgang:http://dx.doi.org/10.1016/j.sbspro.2016.12.043
Format: Electronisk Book Chapter
KOHA link:https://koha.lib.tpu.ru/cgi-bin/koha/opac-detail.pl?biblionumber=654773

MARC

LEADER 00000naa0a2200000 4500
001 654773
005 20250911111140.0
035 |a (RuTPU)RU\TPU\network\20460 
035 |a RU\TPU\network\19983 
090 |a 654773 
100 |a 20170519d2016 k||y0rusy50 ba 
101 0 |a eng 
135 |a drcn ---uucaa 
181 0 |a i  
182 0 |a b 
200 1 |a Metaphorical Modelling of the Concept "Technology"  |f N. A. Mishankina, E. A. Panasenko 
203 |a Text  |c electronic 
300 |a Title screen 
320 |a [References: p. 105-106] 
330 |a The article explores the metaphorical models Russian researchers (the authors of scientific papers) employ in the presentation of technology. A cognitive approach to the metaphor is emphasized. The study is focused on different types of metaphors which are crucial in the corpus-based analysis and defines particular characteristics of the concept "Technology". The analysis is based on various sources (online, journals, conference proceedings) on information technologies. The present investigation should be seen as a part of the project "Metaphorical conceptualization in the process of terminological system formation: epistemological universals of the Russian scientific worldview" supported by the Russian Foundation for Humanities. 
333 |a Режим доступа: по договору с организацией-держателем ресурса 
461 1 |t Procedia - Social and Behavioral Sciences  |d 2009- 
463 1 |t Vol. 236 : International Conference on Communication in Multicultural Society (CMSC 2015)  |o International Conference, 6-8 December 2015, Moscow, Russian Federation  |v [P. 101-106]  |d 2016 
610 1 |a электронный ресурс 
610 1 |a труды учёных ТПУ 
610 1 |a научные дискуссии 
610 1 |a метафорические модели 
610 1 |a источники 
610 1 |a домены 
610 1 |a концептуальная метафора 
700 1 |a Mishankina  |b N. A.  |c linguist  |c Professor of Tomsk Polytechnic University, Doctor of philological sciences  |f 1969-  |g Nataliya Aleksandrovna  |3 (RuTPU)RU\TPU\pers\37209  |9 20187 
701 1 |a Panasenko  |b E. A.  |c Specialist in the field of management  |c Manager of Tomsk Polytechnic University  |f 1980-  |g Elena Aleksandrovna  |3 (RuTPU)RU\TPU\pers\38598 
712 0 2 |a Национальный исследовательский Томский политехнический университет  |c (2009- )  |9 26305 
801 2 |a RU  |b 63413507  |c 20170524  |g RCR 
850 |a 63413507 
856 4 |u http://dx.doi.org/10.1016/j.sbspro.2016.12.043 
942 |c CF